[Event "TOP 16 - Final A"]
[Site "TOP16-Final-A"]
[Date "2021.01.16"]
[Round "8"]
[White "ProfTerrieux"]
[Black "Christian Bauer"]
[Result "1/2-1/2"]
[WhiteElo "2319"]
[BlackElo "2438"]
[Annotator "TA"]
[PlyCount "145"]
[EventDate "2021.01.16"]
[EventType "blitz"]

{[%evp 9,145,74,79,73,70,56,64,66,142,145,174,184,171,151,243,128,223,136,112,66,70,70,139,104,99,114,116,108,110,62,92,63,64,68,53,0,67,29,56,0,0,0,29,29,64,14,21,-9,-3,-6,-8,-7,0,-2,-13,-48,-8,-9,0,-13,8,-34,-32,-79,0,-4,127,-27,0,-59,-60,-135,-105,-72,-69,-103,-100,-158,-74,-66,-70,-149,-154,-195,-188,-176,0,0,0,0,0,0,400,252,263,391,687,558,548,539,525,510,466,465,864,864,864,865,858,852,732,736,656,22,22,22,22,0,0,0,0,0,0,0,0,0,0,0,0,0,0,0,0,0,0,0,0,0]} 1. d4 Nf6 2. Nc3 d6 3. e4 Nc6 4. d5 Ne5 5. f4 Ned7 6. Nf3 {e5 is the strong threat. B00: Queen's Fianchetto Defence, Nimzowitsch Defence.} c6 7. dxc6 bxc6 8. e5 {White is slightly better.} dxe5 (8... Ng8 $14) 9. fxe5 $16 ({Much worse is} 9. Nxe5 $6 Qc7 $11) 9... Ng4 10. e6 $1 {[%cal Re6f7]} fxe6 11. Ng5 $1 Nde5 (11... Ngf6 $16 {was called for.}) 12. Qxd8+ $18 Kxd8 {[#]} 13. Bf4 $146 {aiming for h3.} ({Predecessor:} 13. h3 Nf6 14. Bf4 Ng6 15. Bg3 Ke8 16. O-O-O h6 17. Bd3 {1-0 (17) Hansen,M (2247)-Limmer,R (1426) GER email 2014}) 13... h6 14. Nf3 (14. O-O-O+ {keeps more tension.} Ke8 15. Nge4 g5 16. Bg3 Bg7 17. Be2) 14... Nxf3+ 15. gxf3 Nf6 (15... g5 $1 $14) 16. O-O-O+ {[%mdl 1024] White has strong compensation.} Ke8 17. Bd3 {[%cal Rd3g6]} Kf7 18. h4 g6 19. Ne4 a5 20. c4 Nh5 21. Be5 Bg7 22. Bxg7 (22. f4 $1 $14) 22... Nxg7 (22... Kxg7 $11 23. Nc5 Nf4) 23. Nc5 a4 24. b4 ({White should try} 24. Rde1 $14) 24... axb3 $1 $11 25. axb3 Nf5 26. Kb2 Ra7 27. Rde1 Rd8 28. b4 Rd4 29. Re4 e5 30. h5 g5 $1 31. Rxe5 Nd6 32. Rc1 Rf4 (32... Kf6 $5 {[%cal Rf6e5]} 33. Re2 Bf5 34. Bxf5 Kxf5 $15) 33. Re3 Rh4 34. Bg6+ Kf8 35. Ne4 Rh2+ 36. Kb3 {next Nxd6 is good for White.} Nf5 (36... Rha2 $1 $17 {[%csl Ga2][%cal Ra7a3]} 37. Kc3 e5 $1) 37. Rd3 Rc7 (37... Rha2 $11 {keeps the balance.} 38. Rd8+ {[%mdl 64] Double Attack} Kg7) 38. Rcd1 $2 (38. Ra1 $16) 38... Kg7 39. Re1 (39. Nc5 $11) 39... Nh4 $1 $15 40. Rd8 (40. Nc5 $15) 40... Nxg6 41. hxg6 Kxg6 (41... Bf5 {feels hotter.} 42. Kc3 Ra7 43. b5 cxb5 44. cxb5 Rb7) 42. Nc5 Rh3 43. Re3 (43. Rf1 $142) 43... Bg4 44. Nd3 $17 {And now Ne5+ would win.} Bf5 45. Ne5+ {[#]} (45. Kc3 $15) 45... Kg7 $1 46. b5 cxb5 47. cxb5 Be6+ $2 ({Black should play} 47... g4 $19 {Strongly threatening ...g3.} 48. Kb4 g3) 48. Kb4 $11 Rh1 49. Nc6 Rb1+ 50. Kc5 Bf7 {[%mdl 8192]} (50... Kf6 $11 {and Black is okay.}) 51. Kb6 $18 Rxc6+ 52. Kxc6 {[%mdl 4096] Endgame KRR-KRB} Kf6 $2 (52... Rc1+ 53. Kb7 Kf6) 53. b6 Rc1+ 54. Kd7 Rd1+ 55. Kc7 Rc1+ 56. Kb8 h5 (56... Rc5 $142 57. b7 Bd5) 57. b7 h4 58. Rc8 Rb1 59. Rc5 h3 60. Re2 Bh5 {[#]} 61. Rf2 $2 (61. Rc3 $1 $18) 61... h2 $1 $11 {[%cal Rh2h1] The position is equal.} 62. Rxh2 Bxf3 63. Rc7 {Threatens to win with Rf2.} (63. Rh6+ {is more complex.} Kf7 64. Rxg5 Rxb7+ 65. Kc8 Rb3 66. Rg1) 63... g4 64. Kc8 (64. Rf2 {with more complications.} Kg5 65. Kc8 Bxb7+ 66. Rxb7 Rxb7 67. Kxb7 g3 68. Rf7) 64... Bxb7+ 65. Rxb7 Rxb7 66. Kxb7 {KR-KPP} Kg5 67. Kc6 g3 68. Rh8 (68. Rd2 {looks sharper.} Kf4 69. Kd5 Ke3 70. Rd1 g2 71. Ke6) 68... Kf4 69. Kd5 g2 70. Rg8 Kf3 71. Ke6 Kf2 72. Rxg2+ Kxg2 73. Kxe7 {Black escapes into a draw.  Weighted Error Value: White=0.27/Black=0.43} 1/2-1/2

[Event "TOP 16 - Final A"]
[Site "TOP16-Final-A"]
[Date "2021.01.16"]
[Round "8"]
[White "SFeller"]
[Black "Pierre35"]
[Result "1/2-1/2"]
[WhiteElo "2210"]
[BlackElo "2102"]
[Annotator "NA RC"]
[PlyCount "47"]
[EventDate "2021.01.16"]
[EventType "blitz"]

1. e4 {[%emt 0:00:07]} e5 {[%emt 0:00:04]} 2. Nf3 {[%emt 0:00:02]} Nc6 {[%emt 0:00:02]} 3. Nc3 {[%emt 0:00:23]} Nf6 {[%emt 0:00:04]} 4. d4 {[%emt 0:00:01]} exd4 {[%emt 0:00:02]} 5. Nxd4 {[%emt 0:00:00]} Bb4 {[%emt 0:00:03]} 6. Nxc6 {[%emt 0:00:01]} bxc6 {[%emt 0:00:01]} 7. Bd3 {[%emt 0:00:02]} d5 {[%emt 0:00:08]} 8. O-O {[%emt 0:00:05]} Bxc3 {[%emt 0:01:04]} 9. bxc3 {[%emt 0:00:00]} dxe4 {[%emt 0:00:02]} 10. Bxe4 {[%emt 0:01:12]} Qxd1 {[%emt 0:00:28]} 11. Rxd1 {[%emt 0:00:00]} Nxe4 {[%emt 0:00:02]} 12. Re1 {[%emt 0:00:02]} Bf5 {[%emt 0:00:30]} 13. f3 {[%emt 0:00:03]} O-O-O {[%emt 0:01:07]} 14. fxe4 {[%emt 0:00:02]} Be6 {[%emt 0:00:00]} 15. Be3 {[%emt 0:00:04]} a6 {[%emt 0:00:12]} 16. a4 {[%emt 0:00:15]} Rhe8 {[%emt 0:00:05]} 17. Bd4 {[%emt 0:00:02]} f6 {[%emt 0:00:14]} 18. Re3 {[%emt 0:00:10]} Bf7 {[%emt 0:00:28]} 19. Rae1 {[%emt 0:00:06]} Bg6 {[%emt 0:00:06]} 20. e5 {[%emt 0:00:05]} fxe5 {[%emt 0:00:02]} 21. Rxe5 {[%emt 0:00:04]} Rxe5 {[%emt 0:00:04]} 22. Rxe5 {[%emt 0:00:00]} Bxc2 {[%emt 0:00:05]} 23. Ra5 {[%emt 0:00:24]} Kb7 {[%emt 0:00:13]} 24. Bxg7 {[%emt 0:00:15] SFeller offers a draw} 1/2-1/2

[Event "TOP 16 - Final A"]
[Site "TOP16-Final-A"]
[Date "2021.01.16"]
[Round "8"]
[White "Burrito2001"]
[Black "Amiralfio"]
[Result "1-0"]
[WhiteElo "2161"]
[BlackElo "1874"]
[Annotator "NA RC"]
[PlyCount "135"]
[EventDate "2021.01.16"]
[EventType "blitz"]

1. d4 {[%emt 0:00:02]} f5 {[%emt 0:00:06]} 2. Nc3 {[%emt 0:00:01]} Nf6 {[%emt 0:00:01]} 3. Bg5 {[%emt 0:00:02]} d5 {[%emt 0:00:01]} 4. Bxf6 {[%emt 0:00:01]} exf6 {[%emt 0:00:02]} 5. e3 {[%emt 0:00:02]} c6 {[%emt 0:00:06]} 6. Bd3 {[%emt 0:00:03]} Be6 {[%emt 0:00:21]} 7. Qf3 {[%emt 0:00:04]} g6 {[%emt 0:00:43]} 8. Nge2 {[%emt 0:00:09]} Bd6 {[%emt 0:00:05]} 9. Nf4 {[%emt 0:00:10]} Bf7 {[%emt 0:00:06]} 10. h3 {[%emt 0:00:03]} Qe7 {[%emt 0:00:37]} 11. O-O-O {[%emt 0:02:10]} Nd7 {[%emt 0:00:03]} 12. g4 {[%emt 0:00:03]} fxg4 {[%emt 0:00:06]} 13. hxg4 {[%emt 0:00:02]} O-O-O {[%emt 0:00:03]} 14. Rh6 {[%emt 0:00:04]} Nf8 {[%emt 0:00:55]} 15. Kb1 {[%emt 0:00:18]} Re8 {[%emt 0:00:04]} 16. Rdh1 {[%emt 0:00:06]} Rg8 {[%emt 0:00:26]} 17. Nce2 {[%emt 0:00:25]} Be6 {[%emt 0:00:13]} 18. Rc1 {[%emt 0:00:23]} Qd7 {[%emt 0:00:11]} 19. Nxe6 {[%emt 0:00:06]} Nxe6 {[%emt 0:00:00]} 20. c4 {[%emt 0:00:09]} Ng5 {[%emt 0:00:04]} 21. Qg2 {[%emt 0:00:02]} dxc4 {[%emt 0:00:27]} 22. Bxc4 {[%emt 0:00:03]} Rg7 {[%emt 0:00:03]} 23. Nc3 {[%emt 0:00:04]} Kb8 {[%emt 0:00:10]} 24. Rhh1 {[%emt 0:00:13]} Rge7 {[%emt 0:00:11]} 25. Rhd1 {[%emt 0:00:52]} Ne4 {[%emt 0:00:53]} 26. Be2 {[%emt 0:00:08]} Bc7 {[%emt 0:00:18]} 27. Nxe4 {[%emt 0:00:08]} Rxe4 {[%emt 0:00:00]} 28. Bf3 {[%emt 0:00:01]} R4e7 {[%emt 0:00:08]} 29. d5 {[%emt 0:00:24]} cxd5 {[%emt 0:00:00]} 30. Bxd5 {[%emt 0:00:11]} Be5 {[%emt 0:00:19]} 31. Bc6 {[%emt 0:00:09]} Qxc6 {[%emt 0:00:22]} 32. Rxc6 {[%emt 0:00:04]} bxc6 {[%emt 0:00:00]} 33. Qxc6 {[%emt 0:00:30]} Rc8 {[%emt 0:00:03]} 34. Qd5 {[%emt 0:00:03]} Rb7 {[%emt 0:00:10]} 35. Rd2 {[%emt 0:00:09]} g5 {[%emt 0:00:10]} 36. Qe4 {[%emt 0:00:10]} h6 {[%emt 0:00:13]} 37. f4 {[%emt 0:00:05]} Bc7 {[%emt 0:00:05]} 38. a3 {[%emt 0:00:06]} Bb6 {[%emt 0:00:07]} 39. Ka2 {[%emt 0:00:04]} Rbc7 {[%emt 0:00:07]} 40. Rd3 {[%emt 0:00:14]} Rc4 {[%emt 0:00:28]} 41. Qf5 {[%emt 0:00:03]} R4c6 {[%emt 0:00:03]} 42. Rb3 {[%emt 0:00:07]} Kb7 {[%emt 0:00:15]} 43. e4 {[%emt 0:00:20]} gxf4 {[%emt 0:00:06]} 44. Qxf4 {[%emt 0:00:02]} Re8 {[%emt 0:00:13]} 45. Qxh6 {[%emt 0:00:22]} Ka6 {[%emt 0:00:03]} 46. Qf4 {[%emt 0:00:04]} Re5 {[%emt 0:00:08]} 47. Qf1+ {[%emt 0:00:04]} Kb7 {[%emt 0:00:02]} 48. Qd3 {[%emt 0:00:01]} Kc7 {[%emt 0:00:03]} 49. Rc3 {[%emt 0:00:05]} Rxc3 {[%emt 0:00:05]} 50. Qxc3+ {[%emt 0:00:01]} Kd7 {[%emt 0:00:01]} 51. Qb4 {[%emt 0:00:03]} Rg5 {[%emt 0:00:03]} 52. Qd2+ {[%emt 0:00:07]} Ke7 {[%emt 0:00:02]} 53. Qe2 {[%emt 0:00:05]} Bd4 {[%emt 0:00:07]} 54. Qc4 {[%emt 0:00:04]} Bb6 {[%emt 0:00:02]} 55. Qc8 {[%emt 0:00:03]} Re5 {[%emt 0:00:03]} 56. Qb7+ {[%emt 0:00:07]} Kd6 {[%emt 0:00:03]} 57. b4 {[%emt 0:00:04]} Rg5 {[%emt 0:00:05]} 58. Qc8 {[%emt 0:00:05]} Bd4 {[%emt 0:00:03]} 59. Kb3 {[%emt 0:00:03]} Be5 {[%emt 0:00:02]} 60. Kc4 {[%emt 0:00:01]} Rg7 {[%emt 0:00:02]} 61. Qa6+ {[%emt 0:00:01]} Ke7 {[%emt 0:00:03]} 62. Qxa7+ {[%emt 0:00:00]} Kf8 {[%emt 0:00:00]} 63. Qa8+ {[%emt 0:00:01]} Kf7 {[%emt 0:00:01]} 64. Kd5 {[%emt 0:00:01]} Kg6 {[%emt 0:00:01]} 65. Qe8+ {[%emt 0:00:01]} Kg5 {[%emt 0:00:01]} 66. a4 {[%emt 0:00:03]} Kxg4 {[%emt 0:00:04]} 67. a5 {[%emt 0:00:01]} Rb7 {[%emt 0:00:02]} 68. b5 {[%emt 0:00:01] Amiralfio resigns (Lag: Av=0.94s, max=1.6s)} 1-0

[Event "TOP 16 - Final A"]
[Site "TOP16-Final-A"]
[Date "2021.01.16"]
[Round "8"]
[White "Bagheri amir"]
[Black "Yvesandre2"]
[Result "1-0"]
[WhiteElo "2154"]
[BlackElo "2282"]
[Annotator "TA"]
[PlyCount "115"]
[EventDate "2021.01.16"]
[EventType "blitz"]
[WhiteTeam "monaco"]

{[%evp 17,115,0,0,0,0,1,2,-5,4,-96,-87,-86,-85,-100,-58,-121,-120,-113,-109,-128,-107,-135,-140,-148,-158,-135,-133,-152,-149,-158,-129,-198,-194,-184,-104,-105,-110,-110,-112,-110,-108,-127,-114,-194,-110,-130,-81,-66,-50,-77,-81,-71,-61,-77,-78,-81,-62,-58,-56,-55,-77,-284,-97,-86,-87,-108,-109,-108,-8,-8,-3,-16,43,-6,8,-3,-2,-432,0,-119,533,0,786,782,29988,5198,1321,627,29962,29962,6732,5931,29992,5114,29982,29982,29981,29982,5999,5609]} 1. d4 Nf6 2. Nf3 g6 3. Bg5 Bg7 4. Nbd2 O-O 5. c3 d6 6. e4 c5 7. dxc5 dxc5 8. Be2 Nc6 9. O-O Qc7 10. a4 {[#] A48: 1 d4 Nf6 2 Nf3 g6: Torre, London and Colle Systems.} h6 $146 ({Predecessor:} 10... Nh5 11. Qc2 Nf4 12. Bc4 h6 13. Bh4 Bg4 14. h3 Bc8 15. Rfd1 b6 16. Bf1 Bb7 17. Nc4 Nh5 {0-1 (35) Berg,K (2323)-Pavlidis,A (2539) Katowice 2017}) 11. Be3 b6 12. h3 {The position is equal.} Be6 13. Bc4 (13. Qc2 $11 {keeps the balance.}) 13... Bxc4 $17 14. Nxc4 Nxe4 15. Re1 Nf6 16. Qb3 ({White should play} 16. Qc1 $15) 16... Nd5 17. Bd2 Rab8 18. Na3 Rfd8 19. Nb5 Qb7 20. Rad1 a6 21. Na3 b5 22. axb5 axb5 23. Qc2 b4 24. cxb4 (24. Nc4 $17) 24... Ndxb4 $19 (24... Ncxb4 25. Bxb4 cxb4 26. Nc4 $17) 25. Bxb4 Nxb4 ({Much less strong is} 25... cxb4 26. Nc4 $17) ({Better is} 25... Qxb4 $19 26. Nc4 Nd4 27. Nxd4 cxd4) 26. Rxd8+ $17 Rxd8 27. Qxc5 e6 28. Rb1 Nd3 29. Qc2 {Threatening Rd1.} Nf4 ({Not} 29... Bxb2 $2 30. Nc4 $18) 30. Ne1 (30. Kh2 $17 {might work better.}) 30... Rc8 (30... Rd5 $1 $19 {[%cal Rd5g5] White must now prevent ...Rg5!} 31. Rc1 Nxh3+ $1 {[%mdl 512]} 32. Kf1 Rd8 $1) 31. Nc4 Qb4 32. b3 Rd8 33. Qe4 Nd5 $36 {[%mdl 2048] Strongly threatening ...Nc3. Black has strong initiative.} 34. Qd3 Ra8 35. Nc2 Qb7 36. b4 Nf4 {[%csl Gf4][%cal Rb7g2]} 37. Qf1 Qe4 38. N4e3 Ra2 39. g3 $2 (39. b5 $17) 39... Nd5 $2 (39... Rxc2 $19 40. Nxc2 Ne2+ 41. Kh2 Qxc2) 40. Qg2 Qd3 41. Rd1 Qb3 42. Qe4 Nxe3 (42... Kh7 $17 43. Rc1 Qb2) 43. Nxe3 $11 Qb2 44. Qf4 {aiming for Rd8+.} Bf8 (44... Be5 $11 45. Qf3 Qxb4) 45. Rd8 {Hoping for Ng4.} (45. Rd7 $5 {[%cal Rf4f7]} f5 46. Nd1 $16) 45... Kg7 (45... g5 $5 46. Qf3 $8 Qe2 47. Qxe2 Rxe2 $11) 46. Ng4 g5 47. Qc4 {[%mdl 8192]} (47. Qe5+ $11 {and White stays safe.} Qxe5 48. Nxe5) 47... Bxb4 $2 ({Black should try} 47... h5 $19 48. Qd4+ Qxd4 49. Rxd4 hxg4 50. Rxg4 Be7) 48. Qc8 (48. Rb8 $11 {was the only way to keep the balance.} h5 49. Qxb4 Qxb4 50. Rxb4 hxg4 51. hxg4) 48... Ra1+ $2 {[%mdl 8192]} (48... h5 $17 49. Rg8+ Kh7) 49. Kg2 $2 (49. Kh2 $1 $18 Rc1 50. Rg8+ Kh7 51. Qxc1 $3 {[%mdl 512]}) 49... Be7 $2 {[%mdl 8192]} ({Stronger than} 49... Qb1 50. Rg8+ Kh7 51. Nf6#) (49... Qc3 $11) 50. Rh8 $18 {[%csl Gh8][%cal Rc8g8]} Kg6 51. Rxh6+ (51. Qg8+ $142 Qg7 52. Rxh6+ Kf5 53. Qxg7 Ke4 54. Qxa1 Kd3 55. Qd1+ Kc3 56. Rh8) 51... Kf5 52. Qc6 (52. Rh7 $142 Qb3 53. Rxf7+ Ke4 54. Qc6+ Kd4 55. Ne3) 52... Qe2 {...Qf1+ is the strong threat.} 53. Ne3+ Ke5 54. Qc7+ Ke4 {[#]} 55. Qb7+ (55. Rh4+ $142 $3 {[%mdl 512]} g4 (55... gxh4 56. Qf4+) 56. Qf4+ {[%mdl 64] Double Attack} Kd3 57. Qc4+ Kd2 58. Qc2+ Ke1 59. Qc3+ {[%mdl 64] Double Attack} Qd2 60. Qxa1+ Qc1 61. Qxc1+ Ke2 62. Qd1#) 55... Kd3 56. Qb5+ Kd2 57. Qb2+ {[%mdl 64] Double Attack} Kd3 58. Qxa1 {Weighted Error Value: White=0.70/Black=0.98} 1-0

[Event "TOP 16 - Final A"]
[Site "TOP16-Final-A"]
[Date "2021.01.16"]
[Round "8"]
[White "Tander"]
[Black "SebyFischer57"]
[Result "1/2-1/2"]
[WhiteElo "2005"]
[BlackElo "2072"]
[Annotator "NA RC"]
[PlyCount "68"]
[EventDate "2021.01.16"]
[EventType "blitz"]

1. e4 {[%emt 0:00:02]} g6 {[%emt 0:00:34]} 2. d4 {[%emt 0:00:02]} Bg7 {[%emt 0:00:01]} 3. Nc3 {[%emt 0:00:00]} c6 {[%emt 0:00:04]} 4. f4 {[%emt 0:00:11]} d5 {[%emt 0:00:01]} 5. e5 {[%emt 0:00:02]} Nh6 {[%emt 0:00:07]} 6. Nf3 {[%emt 0:00:01]} f6 {[%emt 0:00:02]} 7. Bd3 {[%emt 0:00:08]} Bg4 {[%emt 0:00:02]} 8. O-O {[%emt 0:00:05]} O-O {[%emt 0:00:29]} 9. Be3 {[%emt 0:00:05]} e6 {[%emt 0:00:27]} 10. h3 {[%emt 0:00:44]} Bxf3 {[%emt 0:00:03] Tander reconnected.} 11. Rxf3 {[%emt 0:00:06]} fxe5 {[%emt 0:00:22]} 12. fxe5 {[%emt 0:00:05]} c5 {[%emt 0:00:35]} 13. Rxf8+ {[%emt 0:00:39]} Qxf8 {[%emt 0:00:03]} 14. Nb5 {[%emt 0:00:01]} Qe7 {[%emt 0:01:17]} 15. c3 {[%emt 0:00:04]} Nf7 {[%emt 0:00:04]} 16. Qd2 {[%emt 0:00:12]} a6 {[%emt 0:00:21]} 17. Na3 {[%emt 0:00:03]} Nc6 {[%emt 0:00:12]} 18. Rf1 {[%emt 0:00:06]} b5 {[%emt 0:00:07]} 19. Nc2 {[%emt 0:00:10]} c4 {[%emt 0:00:31]} 20. Be2 {[%emt 0:00:01]} a5 {[%emt 0:00:01]} 21. a3 {[%emt 0:00:15]} Rb8 {[%emt 0:00:12]} 22. Bg4 {[%emt 0:00:24]} h5 {[%emt 0:00:18]} 23. Be2 {[%emt 0:00:14]} Kh7 {[%emt 0:00:11]} 24. Kh2 {[%emt 0:00:08]} Rf8 {[%emt 0:00:03]} 25. Ne1 {[%emt 0:00:13]} Ncd8 {[%emt 0:00:46]} 26. Nf3 {[%emt 0:00:07]} Bh6 {[%emt 0:00:01]} 27. g4 {[%emt 0:00:22]} hxg4 {[%emt 0:00:11]} 28. hxg4 {[%emt 0:00:00]} Bxe3 {[%emt 0:00:01]} 29. Qxe3 {[%emt 0:00:01]} Kg7 {[%emt 0:00:05]} 30. Kg3 {[%emt 0:00:09]} Rh8 {[%emt 0:00:02]} 31. Rf2 {[%emt 0:00:27]} Rh7 {[%emt 0:00:10]} 32. Rf1 {[%emt 0:00:11]} Rh8 {[%emt 0:00:30]} 33. Rf2 {[%emt 0:00:03]} Rh7 {[%emt 0:00:01]} 34. Rf1 {[%emt 0:00:04]} Rh8 {[%emt 0:00:17] Threefold Rep Threefold Rep Tander reconnected. Tander reconnected.} 1/2-1/2

[Event "TOP 16 - Final A"]
[Site "TOP16-Final-A"]
[Date "2021.01.17"]
[Round "9"]
[White "Harut-1998"]
[Black "Bagheri amir"]
[Result "1/2-1/2"]
[WhiteElo "2305"]
[BlackElo "2177"]
[Annotator "NA RC"]
[PlyCount "80"]
[EventDate "2021.01.17"]
[EventType "blitz"]
[WhiteTeam "Nice Alekhine "]
[BlackTeam "monaco"]
[TimeControl "420+3"]

{Haroutyun , Barseghyan (2471) - Bagheri, Amir} 1. Nf3 {[%emt 0:00:05]} Nf6 {[%emt 0:00:04]} 2. e3 {[%emt 0:00:03]} d5 {[%emt 0:00:23]} 3. c4 {[%emt 0:00:04]} c6 {[%emt 0:00:42]} 4. Nc3 {[%emt 0:00:05]} Bg4 {[%emt 0:00:11]} 5. Qb3 {[%emt 0:00:10]} Qb6 {[%emt 0:00:34]} 6. Qxb6 {[%emt 0:00:03]} axb6 {[%emt 0:00:04]} 7. cxd5 {[%emt 0:00:15]} Nxd5 {[%emt 0:00:39]} 8. Nxd5 {[%emt 0:00:03]} cxd5 {[%emt 0:00:02]} 9. Ne5 {[%emt 0:00:18]} Bd7 {[%emt 0:01:03]} 10. Nxd7 {[%emt 0:00:06]} Kxd7 {[%emt 0:00:02]} 11. d4 {[%emt 0:00:27]} Nc6 {[%emt 0:00:02]} 12. Bb5 {[%emt 0:00:03]} e6 {[%emt 0:00:02]} 13. Bd2 {[%emt 0:00:07]} Bd6 {[%emt 0:00:04]} 14. Ke2 {[%emt 0:00:10]} Rhc8 {[%emt 0:00:02]} 15. a3 {[%emt 0:00:49]} Kd8 {[%emt 0:00:06]} 16. Rac1 {[%emt 0:00:24]} Na5 {[%emt 0:00:03]} 17. Rc3 {[%emt 0:00:15]} Rxc3 {[%emt 0:00:12]} 18. Bxc3 {[%emt 0:00:03]} Rc8 {[%emt 0:00:01]} 19. f4 {[%emt 0:00:27]} f5 {[%emt 0:00:11]} 20. h3 {[%emt 0:00:11]} Nc6 {[%emt 0:00:17] Bagheri amir offers a draw} 21. g4 {[%emt 0:00:06]} Ne7 {[%emt 0:00:30]} 22. Rc1 {[%emt 0:00:17]} Ng8 {[%emt 0:00:21]} 23. g5 {[%emt 0:00:04]} Ne7 {[%emt 0:00:05]} 24. h4 {[%emt 0:00:05]} Rc7 {[%emt 0:00:05]} 25. h5 {[%emt 0:00:04]} Nc8 {[%emt 0:00:05]} 26. Bd3 {[%emt 0:00:06]} Be7 {[%emt 0:00:10]} 27. h6 {[%emt 0:00:13]} g6 {[%emt 0:00:03]} 28. a4 {[%emt 0:00:23]} Nd6 {[%emt 0:00:42]} 29. Ra1 {[%emt 0:00:07]} Ne4 {[%emt 0:00:06]} 30. Be1 {[%emt 0:00:05]} Rc8 {[%emt 0:00:09]} 31. Kd1 {[%emt 0:00:12]} Ra8 {[%emt 0:00:05]} 32. Kc2 {[%emt 0:00:27]} Bd6 {[%emt 0:00:02]} 33. Kb3 {[%emt 0:00:04]} Bc7 {[%emt 0:00:05]} 34. Bb4 {[%emt 0:00:07]} Kd7 {[%emt 0:00:09]} 35. Bb5+ {[%emt 0:00:05]} Kd8 {[%emt 0:00:03]} 36. Rc1 {[%emt 0:00:05]} Bd6 {[%emt 0:00:10]} 37. Bd3 {[%emt 0:00:26]} Bxb4 {[%emt 0:00:10]} 38. Kxb4 {[%emt 0:00:00]} Nd6 {[%emt 0:00:03]} 39. b3 {[%emt 0:00:09]} Ra7 {[%emt 0:00:07]} 40. Rc2 {[%emt 0:00:34]} Ra5 {[%emt 0:00:02] Harut-1998 offers a draw} 1/2-1/2

[Event "TOP 16 - Final A"]
[Site "TOP16-Final-A"]
[Date "2021.01.17"]
[Round "9"]
[White "Yvesandre2"]
[Black "Tander"]
[Result "1/2-1/2"]
[WhiteElo "2259"]
[BlackElo "2009"]
[Annotator "TA"]
[PlyCount "186"]
[EventDate "2021.01.17"]
[EventType "blitz"]

{[%evp 13,186,0,0,0,0,6,25,16,22,17,41,43,41,34,36,40,12,16,37,55,97,91,89,38,85,66,66,66,66,68,60,64,52,62,68,79,57,0,0,-178,0,0,0,0,0,0,64,0,6,3,56,58,49,24,33,35,43,33,47,18,18,0,55,8,60,0,89,89,89,89,154,137,174,63,63,63,122,63,221,221,221,0,0,0,0,0,0,0,0,0,0,0,0,0,0,0,0,0,0,0,0,0,0,0,0,0,0,0,0,0,0,0,0,0,0,0,0,0,0,0,0,0,0,0,0,0,0,0,0,0,0,0,0,0,0,0,0,0,0,0,0,0,0,0,0,0,0,0,0,0,0,0,0,0,0,0,0,0,0,0,0,0,0,0,0,0,0,0,0,0,0,0,0,0,0]} 1. d4 e6 2. c4 Nf6 3. Nc3 Bb4 4. e3 O-O 5. Bd2 d5 6. Nf3 b6 7. Rc1 Bb7 8. cxd5 {E51: Nimzo-Indian: Rubinstein: 4...0-0 5 Nf3 d5.} exd5 9. Bd3 a6 {9...Be7 deserves study.} 10. O-O {White has an edge.} Nbd7 11. Ne5 Nxe5 12. dxe5 Nd7 13. f4 Nc5 14. Bc2 d4 15. Na4 Bxd2 16. Qxd2 {[#]} dxe3 $146 ({Predecessor:} 16... Ne6 17. Rcd1 b5 18. f5 bxa4 19. fxe6 fxe6 20. Rxf8+ Qxf8 21. Qxd4 Qe7 22. Bxa4 Qg5 {1-0 (31) Banusz,T (2620)-Bjerre,J (2529) Denmark 2020}) 17. Qxe3 Qd5 {[%csl Gb7][%cal Rd5g2]} 18. Qh3 (18. Rf2 $1 $16) 18... h6 19. Rfd1 Qc6 20. Nc3 {Threatens to win with b4.} Rad8 21. b4 {And now Qg3 would win.} Rxd1+ 22. Rxd1 {Hoping for Nd5.} Ne6 23. Be4 $1 {[%cal Re4c6]} Nxf4 24. Qf5 {[%csl Ge4][%cal Rf5h7]} Ne2+ {[%mdl 64] Double Attack} 25. Kf2 (25. Kf1 $1 $14 g6 26. Qf2 Qxc3 27. Bxb7) 25... g6 $11 26. Nd5 (26. Qf3 $11 Qxc3 {[%mdl 64] Double Attack} 27. Bxb7 Qxf3+ 28. Kxf3) 26... gxf5 $2 ({Better is} 26... Nc3 $19 27. Qf3 Nxe4+ 28. Qxe4 Kg7) 27. Ne7+ {[%mdl 64] Double Attack, Pin} Kg7 28. Bxc6 Bxc6 29. Nxc6 {[%mdl 4096] Endgame KRN-KRN} Nc3 ({Black should try} 29... Nf4 $1 $11) 30. Rd7 (30. Rd3 $1 $14 Ne4+ 31. Kf3) 30... Nxa2 31. e6 {Black must now prevent e7.} Kf6 ({Black should play} 31... Nc3 $11) 32. e7 $14 Re8 33. Rd8 (33. Kf3 {keeps more tension.} Nc3 34. Rd8 Rxe7 35. Nxe7 Kxe7 36. Rd3) 33... Rxe7 34. Nxe7 Kxe7 $11 {KR-KN} 35. Rd4 Nc3 36. Rh4 {[%mdl 1024] White has compensation.} (36. Rd3 $5 {[%cal Rd3c3]} Na2 37. Rb3 $11) 36... Nd5 $1 37. Ke2 f6 (37... h5 $11) 38. Kd3 Ke6 (38... Kf7 $11) 39. g3 (39. Rxh6 $14 Nxb4+ 40. Kd2) 39... a5 (39... b5 $11) 40. bxa5 $16 bxa5 41. Rxh6 a4 {[#]} (41... c6 $142) 42. Rh8 $1 Nb6 43. Kc3 (43. Re8+ $18 Kd7 44. Re1) 43... f4 $1 $14 44. gxf4 Kf5 {[#]} 45. Rg8 (45. Kd4 $1 $16) 45... Kxf4 $2 (45... Nd5+ $14 46. Kd4 Nxf4) 46. h4 $18 Nd5+ 47. Kd4 $2 (47. Kc4 $18 Ne7 48. Rg1) 47... Ne7 $11 {The position is equal.} 48. Rf8 (48. Rh8 {looks sharper.} a3 49. Kc3 Kg4 50. h5 Kg5 51. h6) 48... Nf5+ 49. Kc4 Nxh4 50. Rxf6+ Nf5 51. Kb4 Ke4 52. Rc6 a3 53. Rxc7 Nd4 54. Re7+ Kd3 55. Kxa3 Nf5 56. Rd7+ Nd4 57. Kb4 Ke4 58. Kc4 Ne6 59. Re7 Ke5 60. Re8 Kd6 61. Rh8 Ke5 62. Rh5+ Ke4 63. Rh1 Nf4 64. Re1+ Kf5 65. Kd4 Ne6+ 66. Kd5 {Re5+ would kill now.} Nf4+ 67. Kd6 Nd3 68. Re3 Nf4 69. Re5+ Kg4 70. Re4 {Threatening mate with Ke5.} Kf3 71. Ke5 Nd3+ 72. Kf5 Nf2 73. Rb4 (73. Re1 {is interesting.} Nd3 74. Rg1 Nb4 75. Rg4 Nd5 76. Rg1) 73... Ke3 74. Rb3+ Nd3 75. Ra3 Kd4 76. Ra4+ Kd5 77. Re4 Nc5 78. Re1 Kd4 79. Rd1+ Nd3 80. Kg4 Ke4 81. Rd2 Ke3 (81... Ne5+ {feels hotter.} 82. Kg3 Nd3 83. Kg2 Ne5 84. Re2+ Kd4) 82. Ra2 Ke4 83. Re2+ Kd4 84. Kf5 Nc5 85. Rd2+ Nd3 86. Rd1 Ke3 87. Rh1 Kd4 88. Rh3 Nc5 89. Rh4+ Kd5 90. Rh8 Kd4 91. Rd8+ Kc4 92. Rd6 Nd3 93. Rxd3 Kxd3 {Weighted Error Value: White=0.21/Black=0.25} 1/2-1/2